[Event "39. Rilton Cup 2009/2010"]
[Site "Stockholm SWE"]
[Date "2009.12.27"]
[Round "1.1"]
[White "Wojtaszek, Radoslaw"]
[Black "Molchanova, Tatjana"]
[Result "1-0"]
[WhiteElo "2637"]
[BlackElo "2368"]
[PlyCount "119"]
[EventDate "2009.12.27"]
[EventType "swiss"]
[EventRounds "9"]
[EventCountry "SWE"]
[Source "lmi"]
[SourceDate "2009.12.27"]

1. d4 d5 2. c4 c6 3. Nf3 Nf6 4. Nc3 dxc4 5. a4 Bf5 6. e3 e6 7. Bxc4 Bb4 8. Ne5
Nbd7 9. Nxd7 Nxd7 10. O-O O-O 11. e4 Bg6 12. f3 Re8 13. Be3 Nb6 14. Bb3 a6 15.
Ne2 Rc8 16. Rc1 Nd7 17. Ba2 Qe7 18. Nf4 Nf8 19. Nd3 Bd6 20. Qd2 Nd7 21. b4 f6
22. Nc5 Bf7 23. Rb1 a5 24. Nxd7 Qxd7 25. bxa5 Bc7 26. g3 Rb8 27. Bc4 Qd8 28. a6
bxa6 29. Bxa6 Rxb1 30. Rxb1 Qa8 31. Qd3 Rb8 32. Rxb8+ Qxb8 33. Bf2 Bb6 34. Bc4
Qa7 35. Bb3 e5 36. Kf1 exd4 37. Bxf7+ Kxf7 38. Qc4+ Ke7 39. Qxc6 Bc5 40. Be1
Bd6 41. Bf2 g5 42. Qc4 Bc5 43. Qb5 Kd6 44. a5 g4 45. fxg4 Qa8 46. Qd3 Qxa5 47.
Bxd4 Bxd4 48. Qxd4+ Ke7 49. Kg2 Qg5 50. Qa7+ Kf8 51. Qb8+ Kg7 52. Qc7+ Kg8 53.
Qd8+ Kg7 54. Qd7+ Kh8 55. Qf5 Qd2+ 56. Qf2 Qd6 57. Qf4 Qe7 58. h4 Qe6 59. g5
Qa2+ 60. Kh3 1-0

[Event "39. Rilton Cup 2009/2010"]
[Site "Stockholm SWE"]
[Date "2009.12.27"]
[Round "1.3"]
[White "Rozentalis, Eduardas"]
[Black "Jacobsen, Bo"]
[Result "1-0"]
[WhiteElo "2611"]
[BlackElo "2306"]
[PlyCount "61"]
[EventDate "2009.12.27"]
[EventType "swiss"]
[EventRounds "9"]
[EventCountry "SWE"]
[Source "lmi"]
[SourceDate "2009.12.27"]

1. e4 e5 2. Nf3 Nc6 3. Bb5 Nf6 4. O-O d6 5. d4 Bd7 6. d5 Nb8 7. Bxd7+ Nbxd7 8.
Re1 a5 9. c4 Be7 10. Nc3 Nc5 11. Qc2 O-O 12. b3 c6 13. Be3 cxd5 14. exd5 Na6
15. a3 Nd7 16. Nb5 f5 17. Bd2 Rc8 18. Rad1 Nac5 19. b4 axb4 20. axb4 Ne4 21.
Bc1 Kh8 22. Bb2 Qe8 23. Qe2 Bd8 24. Nd2 Ndf6 25. Nxe4 Nxe4 26. c5 dxc5 27. d6
Qg6 28. d7 Rc6 29. Bxe5 cxb4 30. Qb2 Nc3 31. Qxb4 1-0

[Event "39. Rilton Cup 2009/2010"]
[Site "Stockholm SWE"]
[Date "2009.12.27"]
[Round "1.4"]
[White "Andersen, Mads"]
[Black "Lysyj, Igor"]
[Result "1/2-1/2"]
[WhiteElo "2294"]
[BlackElo "2609"]
[PlyCount "24"]
[EventDate "2009.12.27"]
[EventType "swiss"]
[EventRounds "9"]
[EventCountry "SWE"]
[Source "lmi"]
[SourceDate "2009.12.27"]

1. e4 e6 2. d4 d5 3. Nc3 Nf6 4. e5 Nfd7 5. f4 c5 6. Nf3 Nc6 7. Be3 Be7 8. Qd2
a6 9. Be2 b5 10. O-O Bb7 11. Nd1 b4 12. Nf2 a5 1/2-1/2

[Event "39. Rilton Cup 2009/2010"]
[Site "Stockholm SWE"]
[Date "2009.12.27"]
[Round "1.7"]
[White "Ponkratov, Pavel"]
[Black "Glimbrant, Torbjorn"]
[Result "1-0"]
[WhiteElo "2575"]
[BlackElo "2263"]
[PlyCount "113"]
[EventDate "2009.12.27"]
[EventType "swiss"]
[EventRounds "9"]
[EventCountry "SWE"]
[Source "lmi"]
[SourceDate "2009.12.27"]

1. e4 c5 2. Nf3 Nc6 3. d4 cxd4 4. Nxd4 Nf6 5. Nc3 e5 6. Ndb5 d6 7. Bg5 a6 8.
Na3 b5 9. Nd5 Be7 10. Nxe7 Nxe7 11. Bd3 Bb7 12. Bxf6 gxf6 13. c4 Rg8 14. cxb5
Rxg2 15. bxa6 Bxa6 16. Kf1 Rg8 17. Bb5+ Kf8 18. Bxa6 Rxa6 19. Rg1 Rxg1+ 20.
Kxg1 Ng6 21. Nc4 f5 22. exf5 Qg5+ 23. Kh1 Qxf5 24. f3 Nf4 25. Qf1 Rc6 26. Ne3
Qh5 27. Rd1 d5 28. a4 d4 29. Ng4 Rc2 30. Qb5 Re2 31. Qb8+ Kg7 32. Qd8 Qf5 33.
Qh4 Ng6 34. Qh6+ Kg8 35. Rf1 d3 36. a5 d2 37. Qxd2 Rxd2 38. Nh6+ Kf8 39. Nxf5
Rxb2 40. Ra1 Rb7 41. a6 Ra7 42. Nd6 Ne7 43. Nb5 Ra8 44. a7 Nc8 45. Kg2 Kg7 46.
Ra6 f6 47. Rc6 Kg6 48. Rxc8 Rxc8 49. Nc7 Kg5 50. a8=Q Rxa8 51. Nxa8 f5 52. Nc7
e4 53. Nd5 exf3+ 54. Kxf3 Kh4 55. Nf4 h6 56. h3 h5 57. Kf2 1-0

[Event "39. Rilton Cup 2009/2010"]
[Site "Stockholm SWE"]
[Date "2009.12.27"]
[Round "1.8"]
[White "Jacobsen, Kovachev Daniel"]
[Black "Gleizerov, Evgeny"]
[Result "1/2-1/2"]
[WhiteElo "2243"]
[BlackElo "2566"]
[PlyCount "101"]
[EventDate "2009.12.27"]
[EventType "swiss"]
[EventRounds "9"]
[EventCountry "SWE"]
[Source "lmi"]
[SourceDate "2009.12.27"]

1. e4 e6 2. d4 d5 3. Nd2 Nf6 4. e5 Nfd7 5. c3 c5 6. Bd3 Nc6 7. Ne2 cxd4 8. cxd4
f6 9. exf6 Nxf6 10. Nf3 Bd6 11. Bf4 Qa5+ 12. Qd2 Bb4 13. Nc3 O-O 14. O-O Ne4
15. Bxe4 dxe4 16. Ng5 Bxc3 17. bxc3 h6 18. Nh3 e5 19. Bxe5 Nxe5 20. dxe5 Bxh3
21. gxh3 Qxe5 22. Qd4 Qg5+ 23. Kh1 Qf5 24. Rg1 Rf6 25. Rg3 Raf8 26. Rag1 R8f7
27. Qxa7 Qxf2 28. Qxf2 Rxf2 29. R1g2 Rf1+ 30. Rg1 R1f4 31. Re1 g5 32. Rge3 Re7
33. Kg2 Kf7 34. Rb1 Kg6 35. Rb4 h5 36. a4 h4 37. a5 Kh5 38. Rb6 Rd7 39. Re2 Rf3
40. Re6 Rxc3 41. R6xe4 Ra3 42. Re7 Rdd3 43. Rh7+ Kg6 44. Rxb7 Rxh3 45. Rbb2
Rhf3 46. Ra2 h3+ 47. Kg1 Rab3 48. Re1 Rb7 49. a6 Ra7 50. Re6+ Kh5 51. Rb6
1/2-1/2

[Event "39. Rilton Cup 2009/2010"]
[Site "Stockholm SWE"]
[Date "2009.12.27"]
[Round "1.9"]
[White "Ionov, Sergey"]
[Black "Angskog, Kent"]
[Result "1-0"]
[WhiteElo "2545"]
[BlackElo "2229"]
[PlyCount "89"]
[EventDate "2009.12.27"]
[EventType "swiss"]
[EventRounds "9"]
[EventCountry "SWE"]
[Source "lmi"]
[SourceDate "2009.12.27"]

1. d4 g6 2. e4 Bg7 3. c3 d6 4. Nf3 Nf6 5. Bd3 O-O 6. O-O Nc6 7. Nbd2 e5 8. Re1
Nh5 9. Nb3 a5 10. a4 h6 11. Be3 Qf6 12. g3 Bg4 13. Be2 Rfe8 14. d5 Nd8 15. Nfd2
Bxe2 16. Qxe2 Qe7 17. Nc4 b6 18. Nbd2 Nb7 19. b4 Qd7 20. Bxb6 cxb6 21. Nxb6 Qc7
22. Nxa8 Rxa8 23. Qc4 Qd7 24. Qc6 Nf6 25. Qxd7 Nxd7 26. Reb1 Bf6 27. Nc4 Bd8
28. bxa5 Nxa5 29. Nxd6 Bb6 30. Rb5 Ra6 31. Kg2 h5 32. Rab1 Kf8 33. h4 Kg8 34.
f4 f6 35. fxe5 fxe5 36. Kh3 Kg7 37. Ne8+ Kf7 38. Nd6+ Kg7 39. Nc8 Bc5 40. Rb7
Nxb7 41. Rxb7 Rxa4 42. Rxd7+ Kf8 43. Rc7 Ba3 44. c4 Ke8 45. Rc6 1-0

[Event "39. Rilton Cup 2009/2010"]
[Site "Stockholm SWE"]
[Date "2009.12.27"]
[Round "1.10"]
[White "Kopasov, Alexander"]
[Black "Miezis, Normunds"]
[Result "0-1"]
[WhiteElo "2221"]
[BlackElo "2530"]
[PlyCount "80"]
[EventDate "2009.12.27"]
[EventType "swiss"]
[EventRounds "9"]
[EventCountry "SWE"]
[Source "lmi"]
[SourceDate "2009.12.27"]

1. d4 Nf6 2. c4 c5 3. d5 e6 4. Nc3 exd5 5. cxd5 Bd6 6. Nf3 O-O 7. Bg5 Re8 8.
Nd2 Be5 9. e3 d6 10. Qc2 h6 11. Bh4 a6 12. a4 Nbd7 13. Nc4 Bxc3+ 14. bxc3 Ne5
15. Nxe5 Rxe5 16. Qb3 Re4 17. Bg3 Re8 18. Bd3 Ne4 19. Bxe4 Rxe4 20. O-O Rb8 21.
Rfb1 b5 22. Qc2 f5 23. axb5 axb5 24. Qe2 c4 25. Qa2 Kh7 26. Qa5 Qd7 27. Qb4 Rb6
28. Qa5 Qb7 29. Qb4 Qxd5 30. Rd1 Qf7 31. Rxd6 Rxd6 32. Bxd6 Re6 33. Bc5 Bb7 34.
Rd1 Rg6 35. g3 Qe8 36. Rd4 Qc6 37. e4 fxe4 38. Kf1 e3 39. fxe3 Qg2+ 40. Ke1 Bf3
0-1

[Event "39. Rilton Cup 2009/2010"]
[Site "Stockholm SWE"]
[Date "2009.12.27"]
[Round "1.12"]
[White "Niemi, Mikko"]
[Black "Cramling, Pia"]
[Result "0-1"]
[WhiteElo "2219"]
[BlackElo "2525"]
[PlyCount "134"]
[EventDate "2009.12.27"]
[EventType "swiss"]
[EventRounds "9"]
[EventCountry "SWE"]
[Source "lmi"]
[SourceDate "2009.12.27"]

1. c4 e5 2. g3 Nf6 3. Bg2 Nc6 4. Nc3 Bc5 5. Nf3 d6 6. a3 a5 7. O-O Be6 8. b3
Qd7 9. Bb2 Bh3 10. e3 O-O 11. d4 Bxg2 12. Kxg2 Bb6 13. dxe5 dxe5 14. Qxd7 Nxd7
15. Nd5 e4 16. Ng5 Rfe8 17. Rfd1 Nc5 18. b4 Nd3 19. Bc3 h6 20. Nh3 Ne7 21. Nhf4
Nxf4+ 22. gxf4 Nxd5 23. Rxd5 axb4 24. axb4 Rxa1 25. Bxa1 Ra8 26. Be5 f6 27. c5
c6 28. Rd7 Bxc5 29. bxc5 fxe5 30. fxe5 Re8 31. Rxb7 Rxe5 32. Kg3 Rxc5 33. Rc7
Rg5+ 34. Kf4 Rg2 35. Kxe4 Rxf2 36. h4 Rh2 37. Rxc6 Rxh4+ 38. Kf5 Rh5+ 39. Kf4
Rh1 40. e4 Rf1+ 41. Kg4 Kf7 42. Ra6 Rf6 43. Ra7+ Kg6 44. Ra5 Rb6 45. Rd5 Kf6
46. Rf5+ Ke6 47. Ra5 Rb1 48. Kf4 Rf1+ 49. Kg4 Rg1+ 50. Kf4 Rf1+ 51. Kg4 Kf6 52.
Rb5 Rg1+ 53. Kf3 g6 54. Ra5 h5 55. Kf2 Rb1 56. Kf3 Rf1+ 57. Kg3 Rg1+ 58. Kf2
Rh1 59. Kf3 Rh3+ 60. Kf2 h4 61. Rb5 Ra3 62. Rc5 g5 63. Rb5 g4 64. Rf5+ Kg6 65.
Rf4 g3+ 66. Kg2 Kg5 67. Rf8 Ra2+ 0-1

[Event "39. Rilton Cup 2009/2010"]
[Site "Stockholm SWE"]
[Date "2009.12.27"]
[Round "1.13"]
[White "Ulibin, Mikhail"]
[Black "Logdahl, Harald"]
[Result "1-0"]
[WhiteElo "2548"]
[BlackElo "2214"]
[PlyCount "91"]
[EventDate "2009.12.27"]
[EventType "swiss"]
[EventRounds "9"]
[EventCountry "SWE"]
[Source "lmi"]
[SourceDate "2009.12.27"]

1. e4 Nf6 2. e5 Nd5 3. d4 d6 4. Nf3 Bg4 5. Be2 c6 6. Ng5 Bf5 7. e6 fxe6 8. g4
Bg6 9. h4 h6 10. Nxe6 Qd7 11. Nf4 Nxf4 12. Bxf4 e5 13. dxe5 dxe5 14. Bxe5 Qxd1+
15. Bxd1 Nd7 16. Bd4 O-O-O 17. Nd2 Bb4 18. c3 Rhe8+ 19. Kf1 Bf8 20. b4 Nf6 21.
Nb3 Bd3+ 22. Kg1 Nd5 23. Bf3 Be4 24. Bxe4 Rxe4 25. f3 Re2 26. Rh2 Rxh2 27. Kxh2
Re8 28. Kg1 Re2 29. Bxa7 Nxc3 30. a3 Bd6 31. Nd4 Rb2 32. Nf5 Ne2+ 33. Kf1 Bg3
34. h5 Bf4 35. Re1 Ng3+ 36. Nxg3 Bxg3 37. Re7 Rb3 38. Kg2 Bc7 39. Bd4 Rxa3 40.
Rxg7 Ra2+ 41. Kf1 Bf4 42. Rf7 Bd2 43. f4 Bxb4 44. g5 hxg5 45. fxg5 Rd2 46. Bf6
1-0

[Event "39. Rilton Cup 2009/2010"]
[Site "Stockholm SWE"]
[Date "2009.12.27"]
[Round "1.14"]
[White "Rosenkilde, Alexander"]
[Black "Ivanov, Sergey"]
[Result "0-1"]
[WhiteElo "2201"]
[BlackElo "2530"]
[PlyCount "76"]
[EventDate "2009.12.27"]
[EventType "swiss"]
[EventRounds "9"]
[EventCountry "SWE"]
[Source "lmi"]
[SourceDate "2009.12.27"]

1. d4 Nf6 2. c4 e6 3. Nf3 b6 4. a3 Ba6 5. Qc2 Bb7 6. Nc3 c5 7. dxc5 bxc5 8. e4
d6 9. Be2 Nc6 10. Bg5 h6 11. Be3 Be7 12. Rd1 Qb6 13. h3 a5 14. O-O O-O 15. Rfe1
Rfd8 16. Nb5 Rab8 17. Bd3 Nd7 18. Qe2 Nde5 19. Bb1 Nxf3+ 20. Qxf3 Ne5 21. Qe2
a4 22. b3 axb3 23. f4 Ng6 24. Bc1 Bf6 25. e5 dxe5 26. Bxg6 fxg6 27. fxe5 Be7
28. Bb2 Rxd1 29. Rxd1 Rd8 30. Rf1 Qc6 31. Rf2 Bh4 32. Rf3 Qe4 33. Qxe4 Bxe4 34.
Re3 Rd2 35. Rxe4 Rxb2 36. Rxh4 Rb1+ 37. Kh2 b2 38. Nc3 Rc1 0-1

[Event "39. Rilton Cup 2009/2010"]
[Site "Stockholm SWE"]
[Date "2009.12.27"]
[Round "1.15"]
[White "Wiander, Michael"]
[Black "Handke, Florian"]
[Result "0-1"]
[WhiteElo "2195"]
[BlackElo "2513"]
[PlyCount "54"]
[EventDate "2009.12.27"]
[EventType "swiss"]
[EventRounds "9"]
[EventCountry "SWE"]
[Source "lmi"]
[SourceDate "2009.12.27"]

1. e4 c5 2. b4 cxb4 3. d4 e6 4. a3 Nf6 5. Bd3 Nc6 6. Nf3 d5 7. e5 Ne4 8. O-O
Be7 9. axb4 Nxb4 10. Re1 Qc7 11. Na3 Nc3 12. Nb5 Nxb5 13. Bxb5+ Bd7 14. Bxd7+
Qxd7 15. c3 Nc6 16. Ng5 h6 17. Qh5 g6 18. Qh3 Kf8 19. Nf3 Kg7 20. Qg3 b5 21. h4
a5 22. Qf4 a4 23. Nh2 Na5 24. Ng4 Nb3 25. Nf6 Qd8 26. Rb1 Bxf6 27. exf6+ Qxf6
0-1

[Event "39. Rilton Cup 2009/2010"]
[Site "Stockholm SWE"]
[Date "2009.12.27"]
[Round "1.17"]
[White "Shimanov, Aleksandr"]
[Black "Nguyen, Michael"]
[Result "1-0"]
[WhiteElo "2535"]
[BlackElo "2187"]
[PlyCount "81"]
[EventDate "2009.12.27"]
[EventType "swiss"]
[EventRounds "9"]
[EventCountry "SWE"]
[Source "lmi"]
[SourceDate "2009.12.27"]

1. Nf3 Nf6 2. c4 e6 3. d4 Bb4+ 4. Bd2 Qe7 5. g3 Nc6 6. Nc3 O-O 7. Bg2 Bxc3 8.
Bxc3 Ne4 9. Rc1 d6 10. d5 Nxc3 11. Rxc3 Nb8 12. O-O e5 13. b4 a5 14. a3 Na6 15.
Qb3 Bd7 16. e4 Rfb8 17. c5 axb4 18. cxd6 cxd6 19. axb4 Qd8 20. Rfc1 Qb6 21. Nd2
Bb5 22. h4 Rd8 23. Nc4 Qd4 24. Rd1 Qa7 25. Ne3 g6 26. Bh3 Nb8 27. Rdc1 Qd4 28.
Rc7 Qb6 29. Ng4 Rf8 30. Qf3 f5 31. exf5 Nc6 32. dxc6 Qxc7 33. Qd5+ Kh8 34. Qxb5
gxf5 35. Ne3 bxc6 36. Rxc6 Qd7 37. Qd5 Rad8 38. Nc4 Qb7 39. Nxd6 Qxb4 40. Qxe5+
Kg8 41. Bxf5 1-0

[Event "39. Rilton Cup 2009/2010"]
[Site "Stockholm SWE"]
[Date "2009.12.27"]
[Round "1.18"]
[White "Ask, Josef"]
[Black "Lauber, Arnd"]
[Result "0-1"]
[WhiteElo "2183"]
[BlackElo "2503"]
[PlyCount "66"]
[EventDate "2009.12.27"]
[EventType "swiss"]
[EventRounds "9"]
[EventCountry "SWE"]
[Source "lmi"]
[SourceDate "2009.12.27"]

1. d4 Nf6 2. Nf3 e6 3. c4 d5 4. g3 dxc4 5. Bg2 c6 6. a4 c5 7. O-O Nc6 8. e3
cxd4 9. Nxd4 Nxd4 10. exd4 Be7 11. Na3 Bxa3 12. Rxa3 O-O 13. Rc3 Nd5 14. Rxc4
b6 15. b4 Bb7 16. Ba3 Ne3 17. fxe3 Bxg2 18. Rf2 Bb7 19. Qh5 f5 20. Rfc2 Rf7 21.
b5 Qd5 22. Kf2 e5 23. dxe5 Rd8 24. Bd6 f4 25. Qxf7+ Kxf7 26. Rxf4+ Kg8 27. Rc7
h6 28. e4 Qd2+ 29. Kf3 Qd3+ 30. Kf2 Bxe4 31. Rff7 Kh8 32. Rxg7 Qd2+ 33. Kf1
Bd3+ 0-1

[Event "39. Rilton Cup 2009/2010"]
[Site "Stockholm SWE"]
[Date "2009.12.27"]
[Round "1.19"]
[White "Karlsson, Lars"]
[Black "Mardell, Jimmy"]
[Result "1-0"]
[WhiteElo "2491"]
[BlackElo "2182"]
[PlyCount "87"]
[EventDate "2009.12.27"]
[EventType "swiss"]
[EventRounds "9"]
[EventCountry "SWE"]
[Source "lmi"]
[SourceDate "2009.12.27"]

1. b3 e5 2. Bb2 d6 3. c4 c5 4. g3 Nf6 5. Bg2 Be7 6. e3 Nc6 7. Ne2 O-O 8. O-O
Re8 9. Nbc3 Bf8 10. d3 a6 11. h3 Qc7 12. e4 Rb8 13. f4 b5 14. Nd5 Nxd5 15. cxd5
Nd4 16. Nxd4 cxd4 17. Rc1 Qd8 18. Rc2 Bd7 19. Rcf2 Re7 20. f5 f6 21. g4 Be8 22.
h4 Rc7 23. Bc1 Rbc8 24. Bd2 Qe7 25. Ba5 Rb7 26. Qd2 Qd7 27. a3 Be7 28. Qd1 Bd8
29. Bd2 Qc7 30. Bf3 Qc2 31. Qxc2 Rxc2 32. Bb4 Rxf2 33. Kxf2 Bc7 34. Rc1 Kf7 35.
g5 a5 36. Bd2 Bd8 37. g6+ hxg6 38. fxg6+ Ke7 39. h5 Rc7 40. Rxc7+ Bxc7 41. Bg4
a4 42. bxa4 bxa4 43. Be6 Kf8 44. Kf3 1-0

[Event "39. Rilton Cup 2009/2010"]
[Site "Stockholm SWE"]
[Date "2009.12.27"]
[Round "1.21"]
[White "Brynell, Stellan"]
[Black "Satonen, Arto"]
[Result "1/2-1/2"]
[WhiteElo "2472"]
[BlackElo "2177"]
[PlyCount "88"]
[EventDate "2009.12.27"]
[EventType "swiss"]
[EventRounds "9"]
[EventCountry "SWE"]
[Source "lmi"]
[SourceDate "2009.12.27"]

1. d4 d5 2. c4 e6 3. Nf3 c5 4. cxd5 exd5 5. g3 Nc6 6. Bg2 Nf6 7. O-O Be7 8. Nc3
O-O 9. Bg5 cxd4 10. Nxd4 h6 11. Be3 Re8 12. Rc1 Bf8 13. Na4 Bd7 14. Nc5 Bxc5
15. Rxc5 Nxd4 16. Bxd4 Bc6 17. e3 Ne4 18. Rc2 Qg5 19. Qf3 a6 20. Rfc1 Rad8 21.
Bf1 a5 22. b3 Rd6 23. a4 Qg6 24. Qg2 Ng5 25. h4 Ne4 26. Bd3 Qe6 27. Kh2 f5 28.
f3 Nf6 29. Qh3 Bd7 30. Rc7 Rc6 31. R1xc6 bxc6 32. Ra7 Rb8 33. Bc2 c5 34. Bxc5
Rc8 35. Rxa5 Rxc5 36. Rxc5 Qxe3 37. Rc7 Qxf3 38. Qg2 Ng4+ 39. Kh1 Qe3 40. Rxd7
Nf2+ 41. Kh2 Ng4+ 42. Kh1 Nf2+ 43. Kh2 Ng4+ 44. Kh1 Nf2+ 1/2-1/2

[Event "39. Rilton Cup 2009/2010"]
[Site "Stockholm SWE"]
[Date "2009.12.27"]
[Round "1.22"]
[White "Koskela, Niina"]
[Black "Akesson, Ralf"]
[Result "0-1"]
[WhiteElo "2189"]
[BlackElo "2454"]
[PlyCount "64"]
[EventDate "2009.12.27"]
[EventType "swiss"]
[EventRounds "9"]
[EventCountry "SWE"]
[Source "lmi"]
[SourceDate "2009.12.27"]

1. e4 c5 2. Nf3 e6 3. d3 Nc6 4. g3 d5 5. Nbd2 Bd6 6. Bg2 Nge7 7. O-O O-O 8. Re1
Bc7 9. c3 f6 10. Qe2 e5 11. Nb3 b6 12. exd5 Nxd5 13. d4 cxd4 14. Qc4 Nce7 15.
cxd4 e4 16. Nfd2 f5 17. Nf1 a5 18. Bg5 Ba6 19. Bxe7 Qd7 20. Qc1 Nxe7 21. Qg5 a4
22. Nc1 h6 23. Qd2 Rad8 24. Ne2 Nc6 25. f3 Bxe2 26. Qxe2 Qxd4+ 27. Kh1 Ne5 28.
Ne3 exf3 29. Bxf3 f4 30. Ng4 Nxf3 31. Qxf3 fxg3 32. Qe4 Rf1+ 0-1

[Event "39. Rilton Cup 2009/2010"]
[Site "Stockholm SWE"]
[Date "2009.12.27"]
[Round "1.23"]
[White "Semcesen, Daniel"]
[Black "Evertsson, Lennart"]
[Result "1-0"]
[WhiteElo "2460"]
[BlackElo "2159"]
[PlyCount "63"]
[EventDate "2009.12.27"]
[EventType "swiss"]
[EventRounds "9"]
[EventCountry "SWE"]
[Source "lmi"]
[SourceDate "2009.12.27"]

1. c4 e5 2. Nc3 Nc6 3. Nf3 Nf6 4. g3 d5 5. cxd5 Nxd5 6. Bg2 Be6 7. O-O Be7 8.
d4 exd4 9. Nxd4 Nxd4 10. Qxd4 Nxc3 11. Qxc3 O-O 12. Bxb7 Rb8 13. Bg2 Bf6 14.
Qa5 Bc4 15. Re1 Re8 16. Bf3 Rb6 17. Be3 Rxb2 18. Qxa7 Qe7 19. a4 Qb4 20. Qxc7
Be6 21. Rac1 Rb3 22. Red1 h5 23. a5 Ra3 24. Bc5 Qxa5 25. Bxa3 Qxa3 26. Bxh5 Bb2
27. Rd8 Rxd8 28. Qxd8+ Kh7 29. Rd1 g6 30. Bf3 Qc5 31. Qh4+ Kg7 32. Rd8 1-0

[Event "39. Rilton Cup 2009/2010"]
[Site "Stockholm SWE"]
[Date "2009.12.27"]
[Round "1.24"]
[White "Markevich, Ilya"]
[Black "Yuneev, Alexey"]
[Result "1/2-1/2"]
[WhiteElo "2162"]
[BlackElo "2428"]
[PlyCount "22"]
[EventDate "2009.12.27"]
[EventType "swiss"]
[EventRounds "9"]
[EventCountry "SWE"]
[Source "lmi"]
[SourceDate "2009.12.27"]

1. e4 e5 2. Nf3 Nc6 3. Bb5 a6 4. Ba4 Nf6 5. d3 d6 6. c3 Bd7 7. O-O g6 8. Re1
Bg7 9. Nbd2 O-O 10. Nf1 Re8 11. Bg5 h6 1/2-1/2

[Event "39. Rilton Cup 2009/2010"]
[Site "Stockholm SWE"]
[Date "2009.12.27"]
[Round "1.26"]
[White "Vovk, Oksana"]
[Black "Bellon Lopez, Juan Manuel"]
[Result "0-1"]
[WhiteElo "2145"]
[BlackElo "2435"]
[PlyCount "64"]
[EventDate "2009.12.27"]
[EventType "swiss"]
[EventRounds "9"]
[EventCountry "SWE"]
[Source "lmi"]
[SourceDate "2009.12.27"]

1. d4 Nf6 2. c4 c5 3. e3 e6 4. Nf3 a6 5. Nc3 d5 6. cxd5 exd5 7. Be2 Bd6 8. dxc5
Bxc5 9. O-O O-O 10. b3 Nc6 11. Bb2 Qd6 12. Qc2 Nb4 13. Qd2 Rd8 14. Rfd1 Bf5 15.
Rac1 Qe7 16. Nd4 Bg6 17. a3 Nc6 18. Nxc6 bxc6 19. Na4 Ne4 20. Qe1 Bxa3 21. Rxc6
Bb4 22. Qf1 Nd2 23. Rxd2 Bxd2 24. Bxa6 Rd6 25. Qb5 Rxc6 26. Qxc6 Rd8 27. Qb6
Bb4 28. Bd4 Qd6 29. Bb7 Bc2 30. Bxd5 Qxb6 31. Nxb6 Ba5 32. e4 Bxe4 0-1

[Event "39. Rilton Cup 2009/2010"]
[Site "Stockholm SWE"]
[Date "2009.12.27"]
[Round "1.27"]
[White "Gagarin, Vasilij"]
[Black "Janse, Love"]
[Result "1-0"]
[WhiteElo "2422"]
[BlackElo "2141"]
[PlyCount "83"]
[EventDate "2009.12.27"]
[EventType "swiss"]
[EventRounds "9"]
[EventCountry "SWE"]
[Source "lmi"]
[SourceDate "2009.12.27"]

1. d4 f5 2. g3 Nf6 3. Bg2 d6 4. Nf3 g6 5. b4 Bg7 6. Bb2 O-O 7. Nbd2 Qe8 8. c4
e5 9. dxe5 Ng4 10. Qb3 dxe5 11. h3 Nh6 12. O-O Nd7 13. c5+ Nf7 14. Ng5 Nf6 15.
Ndf3 Nh5 16. Nxf7 Qxf7 17. Bxe5 Qxb3 18. axb3 Bxe5 19. Nxe5 Re8 20. Nc6 bxc6
21. Bxc6 Be6 22. Bxe8 Rxe8 23. Rxa7 c6 24. Rd1 Bxb3 25. Rd6 Ng7 26. Rxc6 Rxe2
27. Rc8+ Ne8 28. Ra1 Kf7 29. b5 Be6 30. Rb8 Rc2 31. c6 Nd6 32. f3 Rc5 33. Rb1
Bd5 34. Kf2 f4 35. gxf4 Nf5 36. Rb2 Rc3 37. Rd8 Rxf3+ 38. Ke1 Ne7 39. c7 Bb7
40. Rb8 Bc8 41. b6 Rc3 42. Rxc8 1-0

[Event "39. Rilton Cup 2009/2010"]
[Site "Stockholm SWE"]
[Date "2009.12.27"]
[Round "1.28"]
[White "Adahl, Mattias"]
[Black "Richter, Michael"]
[Result "1-0"]
[WhiteElo "2133"]
[BlackElo "2412"]
[PlyCount "98"]
[EventDate "2009.12.27"]
[EventType "swiss"]
[EventRounds "9"]
[EventCountry "SWE"]
[Source "lmi"]
[SourceDate "2009.12.27"]

1. d4 d5 2. Nf3 c6 3. g3 Nf6 4. Bg2 Bf5 5. Nh4 Be4 6. f3 Bg6 7. Nc3 Nbd7 8.
Nxg6 hxg6 9. f4 e6 10. e4 Bb4 11. e5 Ne4 12. Bd2 Nxd2 13. Qxd2 c5 14. dxc5 Qa5
15. a3 Bxc3 16. Qxc3 Qxc3+ 17. bxc3 Nxc5 18. a4 Rc8 19. Rb1 b6 20. Ra1 Ke7 21.
a5 b5 22. a6 Na4 23. Kd2 Rc5 24. Bf1 Nxc3 25. Bd3 b4 26. Ke3 Rb8 27. h4 Rc7 28.
h5 gxh5 29. Rxh5 b3 30. cxb3 Rxb3 31. Rh8 Ne4 32. Rd1 Nc5 33. Ke2 Rb2+ 34. Rd2
Nxd3 35. Kxd3 Rb3+ 36. Ke2 Rxg3 37. Kf2 Ra3 38. Rb2 Rxa6 39. Rbb8 Rc2+ 40. Kf3
Ra3+ 41. Kg4 Rg2+ 42. Kh4 Rh2+ 43. Kg4 Rxh8 44. Rb7+ Kd8 45. Rb8+ Kd7 46. Rxh8
f5+ 47. Kg5 Rg3+ 48. Kh4 Rg4+ 49. Kh3 Rxf4 1-0

[Event "39. Rilton Cup 2009/2010"]
[Site "Stockholm SWE"]
[Date "2009.12.27"]
[Round "1.29"]
[White "Gorovykh, Eduard"]
[Black "Hobber, Anders"]
[Result "1/2-1/2"]
[WhiteElo "2410"]
[BlackElo "2132"]
[PlyCount "43"]
[EventDate "2009.12.27"]
[EventType "swiss"]
[EventRounds "9"]
[EventCountry "SWE"]
[Source "lmi"]
[SourceDate "2009.12.27"]

1. e4 e6 2. c4 d5 3. cxd5 exd5 4. e5 c5 5. Nf3 Nc6 6. Bb5 Nge7 7. O-O a6 8. Ba4
b5 9. Bc2 Bg4 10. h3 Bxf3 11. Qxf3 Nd4 12. Qd1 Nxc2 13. Qxc2 Nc6 14. Re1 Be7
15. d3 O-O 16. b3 f6 17. e6 Nd4 18. Qd1 Qd6 19. Bb2 Nxe6 20. Qe2 Kf7 21. Qh5+
Kg8 22. Qe2 1/2-1/2

[Event "39. Rilton Cup 2009/2010"]
[Site "Stockholm SWE"]
[Date "2009.12.27"]
[Round "1.30"]
[White "Bryntze, Stefan"]
[Black "Cramling, Dan"]
[Result "1/2-1/2"]
[WhiteElo "2073"]
[BlackElo "2408"]
[PlyCount "45"]
[EventDate "2009.12.27"]
[EventType "swiss"]
[EventRounds "9"]
[EventCountry "SWE"]
[Source "lmi"]
[SourceDate "2009.12.27"]

1. f4 g6 2. Nf3 Bg7 3. e3 Nf6 4. b3 Ne4 5. c3 d5 6. Bb2 Nd7 7. Qc2 O-O 8. c4
Bxb2 9. Qxb2 e6 10. Nc3 Qf6 11. Be2 b6 12. d4 Nxc3 13. Qxc3 dxc4 14. bxc4 Bb7
15. O-O c5 16. Ne5 Rfd8 17. Bf3 Bxf3 18. Rxf3 Rac8 19. Raf1 Rc7 20. d5 exd5 21.
cxd5 c4 22. e4 Re8 23. Nxd7 1/2-1/2

[Event "39. Rilton Cup 2009/2010"]
[Site "Stockholm SWE"]
[Date "2009.12.27"]
[Round "1.31"]
[White "Lindberg, Bengt"]
[Black "Grochowalski, Pawel"]
[Result "1/2-1/2"]
[WhiteElo "2407"]
[BlackElo "2072"]
[PlyCount "56"]
[EventDate "2009.12.27"]
[EventType "swiss"]
[EventRounds "9"]
[EventCountry "SWE"]
[Source "lmi"]
[SourceDate "2009.12.27"]

1. e4 c6 2. d4 d5 3. Nc3 dxe4 4. Nxe4 Bf5 5. Ng3 Bg6 6. h4 h6 7. Nf3 Nd7 8. h5
Bh7 9. Bd3 Bxd3 10. Qxd3 e6 11. Bf4 Qa5+ 12. Bd2 Bb4 13. c3 Be7 14. c4 Qc7 15.
O-O-O Ngf6 16. Kb1 O-O 17. Qc2 a5 18. Bc1 Rac8 19. Rde1 Bd6 20. Ne2 c5 21. Nc3
cxd4 22. Nb5 Qb6 23. Nfxd4 Bc5 24. Rd1 Ne5 25. Be3 Nfg4 26. a4 Nxe3 27. fxe3
Bxd4 28. Rxd4 Nc6 1/2-1/2

[Event "39. Rilton Cup 2009/2010"]
[Site "Stockholm SWE"]
[Date "2009.12.27"]
[Round "1.32"]
[White "Berczes, Csaba"]
[Black "Lokander, Martin"]
[Result "1-0"]
[WhiteElo "2379"]
[BlackElo "1820"]
[PlyCount "33"]
[EventDate "2009.12.27"]
[EventType "swiss"]
[EventRounds "9"]
[EventCountry "SWE"]
[Source "lmi"]
[SourceDate "2009.12.27"]

1. Nf3 Nf6 2. g3 d5 3. Bg2 c6 4. O-O Nbd7 5. c4 dxc4 6. a4 a5 7. Na3 Nb6 8. Qc2
Bg4 9. Nxc4 Nxc4 10. Qxc4 Be6 11. Qc2 Qd5 12. d3 g6 13. Bf4 Nd7 14. Qc3 Rg8 15.
Nd4 Qc5 16. Nxe6 fxe6 17. Qb3 1-0